Vista normal Vista MARC

Entrada Nombre Corporativo

Número de registros utilizados en: 1

001 - NUMERO DE CONTROL

  • control field: 27694

003 - CONTROL NUMBER IDENTIFIER

  • control field: AR-RoUNA

005 - FECHA Y HORA DE LA ÚLTIMA TRANSACCIÓN

  • control field: 20260422091030.0

008 - ELEMENTOS DE DATOS DE LONGITUD FIJA

  • fixed length control field: 260422|| aca||aabn | a|a d

040 ## - FUENTE DE CATALOGACIÓN

  • Original cataloging agency: AR-RoUNA
  • Transcribing agency: AR-RoUNA

110 ## - NOMBRE CORPORATIVO

  • Nombre corporativo: España. Ayuntameinto de Barcelona
  • Subordinate unit: Ámbito de Descentralización y Relaciones Ciudadanas. Dirección de servicios de Participación

670 ## - SOURCE DATA FOUND

  • Source citation: Work cat.: (AR-RoUNA)12394: España. Ayuntameinto de Barcelona Ámbito de Descentralización y Relaciones Ciudadanas. Dirección de servicios de Participación., Orgnización territorial y participación ciudadana en Barcelona., 1993.